Besonderheiten des Benediktinischen Ordensrechts
| Main Author: | |
|---|---|
| Format: | Print Article |
| Language: | German |
| Check availability: | HBZ Gateway |
| Interlibrary Loan: | Interlibrary Loan for the Fachinformationsdienste (Specialized Information Services in Germany) |
| Published: |
2009
|
| In: |
Österreichisches Archiv für Recht & Religion
Year: 2009, Volume: 56, Issue: 3, Pages: 447-462 |
| Standardized Subjects / Keyword chains: | B
Benedictines
/ Order
|
| IxTheo Classification: | KCA Monasticism; religious orders NBP Sacramentology; sacraments SB Catholic Church law |
| Further subjects: | B
Order
B Male religious order B Rule of a religious order B Benedictines |
MARC
| LEADER | 00000caa a2200000 c 4500 | ||
|---|---|---|---|
| 001 | 1627940200 | ||
| 003 | DE-627 | ||
| 005 | 20220616100702.0 | ||
| 007 | tu | ||
| 008 | 100803s2009 xx ||||| 00| ||ger c | ||
| 035 | |a (DE-627)1627940200 | ||
| 035 | |a (DE-576)327119713 | ||
| 035 | |a (DE-599)BSZ327119713 | ||
| 040 | |a DE-627 |b ger |c DE-627 |e rakwb | ||
| 041 | |a ger | ||
| 084 | |a 1 |2 ssgn | ||
| 100 | 1 | |0 (DE-588)1211976491 |0 (DE-627)170059351X |4 aut |a Eschlböck, Laurentius |d 1975- | |
| 109 | |a Eschlböck, Laurentius 1975- |a Eschlböck, P. Laurentius 1975- | ||
| 245 | 1 | 0 | |a Besonderheiten des Benediktinischen Ordensrechts |c Laurentius Eschlböck |
| 264 | 1 | |c 2009 | |
| 336 | |a Text |b txt |2 rdacontent | ||
| 337 | |a ohne Hilfsmittel zu benutzen |b n |2 rdamedia | ||
| 338 | |a Band |b nc |2 rdacarrier | ||
| 610 | 2 | 7 | |0 (DE-588)25880-5 |0 (DE-627)100669190 |0 (DE-576)190294728 |a Benediktiner |2 gnd |
| 610 | 2 | 7 | |0 (DE-588)25880-5 |0 (DE-627)100669190 |0 (DE-576)190294728 |a Benediktiner |2 gnd |
| 650 | 0 | 7 | |0 (DE-588)4172722-8 |0 (DE-627)105385239 |0 (DE-576)20994529X |a Ordensrecht |2 gnd |
| 650 | 0 | 7 | |0 (DE-588)4168472-2 |0 (DE-627)105417327 |0 (DE-576)209915803 |a Männerorden |2 gnd |
| 650 | 0 | 7 | |0 (DE-588)4133153-9 |0 (DE-627)105682209 |0 (DE-576)209641517 |a Ordensregel |2 gnd |
| 650 | 0 | 7 | |0 (DE-588)4172722-8 |0 (DE-627)105385239 |0 (DE-576)20994529X |a Ordensrecht |2 gnd |
| 652 | |a KCA:NBP:SB | ||
| 689 | 0 | 0 | |d b |0 (DE-588)25880-5 |0 (DE-627)100669190 |0 (DE-576)190294728 |2 gnd |a Benediktiner |
| 689 | 0 | 1 | |d s |0 (DE-588)4172722-8 |0 (DE-627)105385239 |0 (DE-576)20994529X |2 gnd |a Ordensrecht |
| 689 | 0 | |5 (DE-627) | |
| 773 | 0 | 8 | |i In |t Österreichisches Archiv für Recht & Religion |d Freistadt : Plöchl, 1999 |g 56(2009), 3, Seite 447-462 |w (DE-627)301115710 |w (DE-600)1484342-0 |w (DE-576)079235514 |x 1560-8670 |7 nnas |
| 773 | 1 | 8 | |g volume:56 |g year:2009 |g number:3 |g pages:447-462 |
| 935 | |a mteo |a KALD |a DAKR | ||
| 951 | |a AR | ||
| CAN | |a 1 | ||
| ELC | |b 1 | ||
| ITA | |a 1 | ||
| LOK | |0 000 xxxxxcx a22 zn 4500 | ||
| LOK | |0 001 3272132171 | ||
| LOK | |0 003 DE-627 | ||
| LOK | |0 004 1627940200 | ||
| LOK | |0 005 20101125085230 | ||
| LOK | |0 008 101125||||||||||||||||ger||||||| | ||
| LOK | |0 040 |a DE-21-35 |c DE-627 |d DE-21-35 | ||
| LOK | |0 852 |a DE-21-35 | ||
| LOK | |0 852 1 |c Nb 2.07-56,3 |m p |9 00 | ||
| LOK | |0 938 |k p | ||
| LOK | |0 939 |a 25-11-10 |b l01 | ||
| LOK | |0 000 xxxxxcx a22 zn 4500 | ||
| LOK | |0 001 3272132244 | ||
| LOK | |0 003 DE-627 | ||
| LOK | |0 004 1627940200 | ||
| LOK | |0 005 20160405162803 | ||
| LOK | |0 008 160404||||||||||||||||ger||||||| | ||
| LOK | |0 040 |a DE-Tue135 |c DE-627 |d DE-Tue135 | ||
| LOK | |0 092 |o n | ||
| LOK | |0 852 |a DE-Tue135 | ||
| LOK | |0 852 1 |9 00 | ||
| LOK | |0 935 |a ixzs |a ixmi | ||
| LOK | |0 936ln |0 1442049448 |a KCA | ||
| LOK | |0 936ln |0 1442053313 |a SB | ||
| LOK | |0 939 |a 04-04-16 |b l01 | ||
| LOK | |0 000 xxxxxcx a22 zn 4500 | ||
| LOK | |0 001 3955763315 | ||
| LOK | |0 003 DE-627 | ||
| LOK | |0 004 1627940200 | ||
| LOK | |0 005 20210719142758 | ||
| LOK | |0 008 210719||||||||||||||||ger||||||| | ||
| LOK | |0 035 |a (DE-Tue135-3)DAKAR1_35313 | ||
| LOK | |0 040 |a DE-Tue135-3 |c DE-627 |d DE-Tue135-3 | ||
| LOK | |0 092 |o n | ||
| LOK | |0 852 |a DE-Tue135-3 | ||
| LOK | |0 852 1 |c MS ULB Z 5226-56 |9 00 | ||
| LOK | |0 935 |a msmi | ||
| LOK | |0 936ln |0 1442053313 |a SB | ||
| LOK | |0 939 |a 19-07-21 |b l01 | ||
| LOK | |0 000 xxxxxcx a22 zn 4500 | ||
| LOK | |0 001 3272132252 | ||
| LOK | |0 003 DE-627 | ||
| LOK | |0 004 1627940200 | ||
| LOK | |0 005 20191031144352 | ||
| LOK | |0 008 190311||||||||||||||||ger||||||| | ||
| LOK | |0 035 |a (DE-Tue135-1)199930 | ||
| LOK | |0 040 |a DE-Tue135-1 |c DE-627 |d DE-Tue135-1 | ||
| LOK | |0 852 |a DE-Tue135-1 | ||
| LOK | |0 852 1 |c FTHKR097797/56/EKL |m p |9 00 | ||
| LOK | |0 852 2 |b FTH Z5-570 |9 00 | ||
| LOK | |0 935 |a iZSA | ||
| LOK | |0 936ln |0 1442053313 |a SB | ||
| LOK | |0 936ln |0 1442052430 |a NBP | ||
| LOK | |0 936ln |0 1442049448 |a KCA | ||
| LOK | |0 938 |k p | ||
| LOK | |0 939 |a 11-03-19 |b l01 | ||
| ORI | |a SA-MARC-ixtheoa001.raw | ||
| STA | 0 | 0 | |a Benedictines,Male religious order,Monastic order,Order,Order,Law,Rule of a religious order,Order |
| STB | 0 | 0 | |a Bénédictins,Droit des ordres religieux,Ordre religieux masculin,Règle d’un ordre religieux |
| STC | 0 | 0 | |a Benedictinos,Derecho de la Vida Religiosa,Orden masculina,Regla de una orden o congregación |
| STD | 0 | 0 | |a Benedettini,Diritto degli ordini religiosi,Ordine religioso maschile,Regola di un ordine religioso |
| STE | 0 | 0 | |a 修会法规,修会规则,本笃会,本尼狄克派,男修会,男性修会 |
| STF | 0 | 0 | |a 修會法規,修會規則,本篤會,本尼狄克派,男修會,男性修會 |
| STG | 0 | 0 | |a Beneditinos,Direito da Vida Religiosa,Ordem masculina,Regra de uma ordem ou congregação |
| STH | 0 | 0 | |a Бенедиктинцы (мотив),Монастырский устав,Монастырское право,Мужской религиозный орден |
| STI | 0 | 0 | |a Ανδρικό θρησκευτικό τάγμα,Βενεδικτίνοι (μοτίβο),Δίκαιο των θρησκευτικών ταγμάτων,Κανόνας θρησκευτικού τάγματος |
| SUB | |a CAN | ||
| SYB | 0 | 0 | |a OSB,Ordinis Sancti Benedicti,Confoederatio Benedictina,Ordo Sancti Benedicti,Benediktinerorden,Order of Saint Benedict,Ordine di San Benedetto,OSB,Benedictines , OSB,Ordinis Sancti Benedicti,Confoederatio Benedictina,Ordo Sancti Benedicti,Benediktinerorden,Order of Saint Benedict,Ordine di San Benedetto,OSB,Benedictines |
| SYE | 0 | 0 | |a Mönchsorden , Mönchsregel,Mönchtum,Regel |
| SYG | 0 | 0 | |a OSB,Ordinis Sancti Benedicti,Confoederatio Benedictina,Ordo Sancti Benedicti,Benediktinerorden,Order of Saint Benedict,Ordine di San Benedetto,OSB,Benedictines |
| TIM | |a 100005290101_100020261231 |b 529 - 2026 | ||